| 000 | 00501nam a22001817a 4500 | ||
|---|---|---|---|
| 999 |
_c525826 _d525826 |
||
| 003 | NUST | ||
| 005 | 20190705050652.0 | ||
| 038 | _aFaiza | ||
| 082 |
_a891.4394 _bJAV |
||
| 100 |
_aJaveed, Inam ul Haq _914461 |
||
| 245 |
_aDakhal dar Mamnoaat / _cInam ul Haq Javeed |
||
| 260 |
_aLahore: _bSang-e-Meel Publictions, _c2017. |
||
| 300 | _a352p. ; | ||
| 500 | _aHard Cover | ||
| 880 |
_6100-01\r _aانعام الحق جاوید |
||
| 880 |
_6245-02\r _a /دخل در ممنوعات |
||
| 942 |
_2ddc _cBK |
||